| 000 | 00483nam a2200169Ia 4500 | ||
|---|---|---|---|
| 999 |
_c91392 _d91392 |
||
| 003 | 0100 | ||
| 005 | 20180129154853.0 | ||
| 008 | 130307s9999 xx 000 0 und d | ||
| 040 | _cARRUPELIB | ||
| 050 | _aDT639.J74 1895 | ||
| 100 |
_aJohnston, H.H _939082 |
||
| 245 | 4 |
_aThe River Congo from its mouth to Bolobo: _ba general description of the natural history and anthropology of its western basin / |
|
| 260 |
_aLondon _bSampson Low, Marston Company LTD _c1895 |
||
| 300 | _a300p | ||
| 650 |
_aCongo River _xDescription and travel _939083 |
||
| 650 |
_aAngola _xDescription and travel _932392 |
||
| 650 |
_aNatural history _xCongo _939084 |
||
| 942 |
_2lcc _cMONOGRAPH |
||